000 00761cab a2200241 4500
001 WB3521-35
008 090401t1999 xxu||||| |||| 00| 0 eng d
035 _a(Sirsi) u93701
041 _aeng
245 _aFarmers continue to suffer
260 _c1999
350 _a0
490 _aFinancial Times
_v29/30 May 1999, 11(2)
520 _aThe collapse of commodity prices in the Far East and former Soviet Union has aggravated the problems British farmers are facing. Now farmers in every sector are suffering a fall in incomes. Graph.
650 _aAGRICULTURAL INVESTMENT
650 _aFAR EAST
650 _aFARM INCOMES
650 _aFARMERS
650 _aFORMER SOVIET UNION
690 _aRURAL PRACTICE
942 _n0
948 _c02/06/1999
999 _c59394
_d59394